000
00315 a2200145 4500
001
155520
040
_c
Escola São Tomás de Aquino
100
_a
FARACO
240
1
0
_a
Lingua e literatura
_l
por
245
1
0
_a
Lingua e literatura
300
_a
54
362
0
_a
1999
697
_a
Língua portuguesa
942
_c
BK
999
_c
155520
_d
155520